Loreto College Library, Kolkata
WEBOPAC (ONLINE PUBLIC ACCESS CATALOGUE)

India (Record no. 12744)

MARC details
000 -LEADER
fixed length control field 00644nam a2200229Ia 4500
008 - FIXED-LENGTH DATA ELEMENTS--GENERAL INFORMATION
fixed length control field 131103s9999 xx 000 0 und d
020 ## - ISBN | অাই এস বি এন
ISBN | অাই এস বি এন 818900039X
PRICE Rs 2295
040 ## - CATALOGING SOURCE
Original cataloging agency Loreto College
041 ## - LANGUAGE CODE
Language code English
082 ## - DDC | ডিউই
Classification number | বর্গসংখ্যা 378.34/DAW
Book Number | গ্রন্থাঙ্ক LCLIB/44626
100 ## - MAIN ENTRY--PERSONAL NAME | মুখ্য সংলেখ - ব্যাক্তিনাম
Personal name | ব্যাক্তিনাম Dawra, Sudhir
245 ## - TITLE STATEMENT | অাখ্যা বিবরণী
Title | অাখ্যা India
Sub title | উপঅাখ্যা Grants and Scholarships
Statement of responsibility | লেখকের দায়িত্বের বিবরণ Sudhir Dawra
260 ## - IMPRINT | প্রকাশনা ক্ষেত্র
Place of publication | প্রকাশ স্থান New Delhi
Name of publisher | প্রকাশকের নাম Vishvabharti Publications
Date of publication | প্রকাশ কাল 2005
300 ## - PHYSICAL DESCRIPTION |
Page / Vol. No | পৃষ্ঠা / খন্ড সংখ্যা v,1681p
504 ## - BIBLIOGRAPHY, ETC. NOTE
Bibliography, etc Includes index
630 ## - SUBJECT ADDED ENTRY--UNIFORM TITLE
Uniform title Grants
630 ## - SUBJECT ADDED ENTRY--UNIFORM TITLE
Uniform title Higher Education Grants
650 ## - SUBJECT ADDED ENTRY--TOPICAL TERM | বিষয় শিরোনাম - মূল বিষয়
Topical term | মূল বিষয় Higher Education Scholarships
651 ## - SUBJECT ADDED ENTRY--GEOGRAPHIC NAME | বিষয় শিরোনাম - ভৌগলিক নাম
Geographic name | ভৌগলিক বিষয় Scholarships
850 ## - HOLDING INSTITUTION
Holding institution LCLB/378.34/DAW
942 ## - ADDED ENTRY ELEMENTS (KOHA)
Koha item type Books
Holdings
Withdrawn status Lost status Damaged status Not for loan Home library Current library Date acquired Total Checkouts Full call number Accession No. Date last seen Price effective from Koha item type
        Loreto College Loreto College 04/11/2013   378.34/DAW LCLIB/44626 B12725 04/11/2013 04/11/2013 Books